Statistics for Most Common Surnames in Countries

Click here to take the quiz!

General Stats

  • This quiz has been taken 20 times
  • The average score is 6 of 27

Answer Stats

HintAnswer% Correct
USASmith
87%
VietnamNguyen
60%
ChinaWang
60%
KoreaKim
53%
SwedenAndersson
33%
MexicoHernandez
33%
FranceMartin
27%
IrelandMurphy
27%
SpainGarcia
20%
GermanyMuller
20%
JapanSato
20%
BrazilDa Silva
13%
IndiaDevi
13%
RussiaIvanova
13%
PeruQuispe
13%
ItalyRossi
13%
TurkeyYilmaz
13%
SomaliaAli
7%
JamaicaBrown
7%
AustriaGruber
7%
NigeriaIbrahim
7%
PakistanKhan
7%
GreecePapadopoulos
7%
EthiopiaTesfaye
7%
PhilippinesDela Cruz
0%
LaosInthavong
0%
CambodiaSok
0%

Score Distribution

Percentile by Number Answered

Percent of People with Each Score

Your Score History

You have not taken this quiz